[Event "SVK ECo-C Extraliga 2018-19"]
[Site "Slovakia"]
[Date "2019.02.16"]
[Round "5.5"]
[White "Haring, Viktor"]
[Black "Pacher, Milan"]
[Result "1-0"]
[WhiteElo "2278"]
[BlackElo "2439"]
[Annotator "NA"]
[PlyCount "95"]
[EventDate "2018.11.10"]
[EventType "team-tourn"]
[EventCountry "SVK"]
[SourceTitle "playchess.com"]
[Source "ChessBase"]
[SourceQuality "1"]
[WhiteTeam "Liptovska"]
[BlackTeam "Slovan"]
[TimeControl "40/5400+30:1800+30"]

1. e4 {[%emt 0:00:00]} c5 {[%emt 0:00:00]} 2. Nf3 {[%emt 0:00:00]} Nc6 {[%emt 0:00:00]} 3. d4 {[%emt 0:00:21]} cxd4 {[%emt 0:00:00]} 4. Nxd4 {[%emt 0:00:13]} Nf6 {[%emt 0:00:00]} 5. Nc3 {[%emt 0:00:19]} e5 {[%emt 0:00:00]} 6. Ndb5 {[%emt 0:00:19]} d6 {[%emt 0:00:06]} 7. Bg5 {[%emt 0:00:23]} a6 {[%emt 0:00:04]} 8. Na3 {[%emt 0:00:20]} b5 {[%emt 0:00:06]} 9. Nd5 {[%emt 0:00:36]} Be7 {[%emt 0:00:07]} 10. Bxf6 {[%emt 0:00:32]} Bxf6 {[%emt 0:00:03]} 11. c3 {[%emt 0:02:13]} Bg5 {[%emt 0:00:08]} 12. Nc2 {[%emt 0:00:53]} Ne7 {[%emt 0:00:10]} 13. h4 {[%emt 0:07:47]} Bh6 {[%emt 0:00:25]} 14. Ncb4 {[%emt 0:02:09]} O-O {[%emt 0:00:34]} 15. Nxe7+ {[%emt 0:02:37]} Qxe7 {[%emt 0:04:30]} 16. Nd5 {[%emt 0:00:15]} Qb7 {[%emt 0:00:22]} 17. Qb3 {[%emt 0:19:53]} Be6 {[%emt 0:03:09]} 18. Rd1 {[%emt 0:00:19]} Rac8 {[%emt 0:03:18]} 19. Be2 {[%emt 0:19:27]} Rc5 {[%emt 0:01:19]} 20. O-O {[%emt 0:06:22]} f5 {[%emt 0:02:50]} 21. Bf3 {[%emt 0:01:37]} fxe4 {[%emt 0:02:50]} 22. Bxe4 {[%emt 0:01:15]} Qf7 {[%emt 0:01:27]} 23. Rd3 {[%emt 0:09:40]} Kh8 {[%emt 0:02:04]} 24. Qd1 {[%emt 0:05:44]} Rc4 {[%emt 0:04:06]} 25. Qe2 {[%emt 0:02:17]} Rxe4 {[%emt 0:07:24]} 26. Qxe4 {[%emt 0:00:07]} Bf5 {[%emt 0:00:05]} 27. Qe2 {[%emt 0:00:24]} Bxd3 {[%emt 0:00:09]} 28. Qxd3 {[%emt 0:00:05]} g6 {[%emt 0:01:11]} 29. Qe4 {[%emt 0:11:38]} Rc8 {[%emt 0:02:44]} 30. g3 {[%emt 0:03:18]} Rc4 {[%emt 0:03:17]} 31. Qg2 {[%emt 0:00:05]} e4 {[%emt 0:00:59]} 32. Ne3 {[%emt 0:02:52]} Bxe3 {[%emt 0:00:51]} 33. fxe3 {[%emt 0:00:03]} Qe6 {[%emt 0:00:21]} 34. Qf2 {[%emt 0:00:50]} Rc8 {[%emt 0:00:44]} 35. Qf6+ {[%emt 0:01:00]} Qxf6 {[%emt 0:00:05]} 36. Rxf6 {[%emt 0:00:09]} b4 {[%emt 0:00:23]} 37. cxb4 {[%emt 0:00:57]} Rc1+ {[%emt 0:01:14]} 38. Kg2 {[%emt 0:01:19]} Ra1 {[%emt 0:01:21]} 39. a3 {[%emt 0:00:21]} Rb1 {[%emt 0:00:15]} 40. Rxd6 {[%emt 0:00:37]} Rxb2+ {[%emt 0:00:06]} 41. Kh3 {[%emt 0:01:29]} Rb3 {[%emt 0:00:04]} 42. Rxa6 {[%emt 0:00:13]} Rxe3 {[%emt 0:00:07]} 43. a4 {[%emt 0:12:04]} Re1 {[%emt 0:02:26]} 44. b5 {[%emt 0:03:02]} Kg7 {[%emt 0:00:28]} 45. b6 {[%emt 0:07:57]} Rb1 {[%emt 0:00:14]} 46. Kg4 {[%emt 0:02:08]} Rf1 {[%emt 0:02:31]} 47. Ra7+ {[%emt 0:03:50]} Kf6 {[%emt 0:00:07]} 48. Rxh7 {[%emt 0:00:50]} 1-0

[Event "SVK ECo-C Extraliga 2018-19"]
[Site "Slovakia"]
[Date "2019.02.16"]
[Round "5.6"]
[White "Bagi, Mate"]
[Black "Nayhebaver, Martin"]
[Result "1-0"]
[WhiteElo "2459"]
[BlackElo "2462"]
[Annotator "TA"]
[PlyCount "67"]
[EventDate "2018.11.10"]
[EventType "team-tourn"]
[EventCountry "SVK"]
[SourceTitle "playchess.com"]
[Source "ChessBase"]
[SourceQuality "1"]
[WhiteTeam "Streda"]
[BlackTeam "Zilina"]

{[%evp 9,67,18,27,27,25,24,29,19,22,20,21,25,50,17,27,21,28,26,52,55,120,108,120,112,170,182,264,253,305,293,297,293,380,374,386,397,431,425,436,433,469,461,439,416,678,685,668,664,653,646,1485,1487,1459,1429,29984,29979,6279,1210,4902,4898]} 1. e4 c5 2. Nf3 d6 3. d4 cxd4 4. Qxd4 a6 5. h3 Nc6 6. Qe3 {B53: Sicilian: 2...d6: Lines with Qxd4} g6 7. Be2 Bg7 8. O-O {White has an edge.} Nf6 9. c4 O-O 10. Nc3 Nd7 11. Rd1 Nc5 12. Rb1 $36 {[%mdl 2048] White has some pressure.} a5 13. b3 {[%cal Bb2b3,Bb3b4][%mdl 32] [#]} Re8 $146 ({Predecessor:} 13... Bd7 14. Bb2 {1-0 (44) Ni,H (2701)-Timofeev,A (2681) Sochi 2009}) 14. Bb2 Nb4 (14... f5 $14) 15. a3 $16 {[%cal Ba2a3,Ba3b4][%mdl 32]} Nc6 16. Nb5 Bxb2 (16... f6 $16) 17. Rxb2 $18 f6 (17... Na7 {was necessary.} 18. Nxa7 Rxa7) 18. b4 Na4 19. Rbb1 axb4 20. axb4 Be6 21. c5 Ba2 22. Ra1 Bf7 23. cxd6 Nb2 24. d7 Rf8 25. Rxa8 Qxa8 26. Rd2 Rd8 (26... Qa1+ $142 27. Kh2 Nc4 28. Bxc4 Bxc4) 27. e5 Nc4 28. Bxc4 $1 Bxc4 29. Na3 b5 30. exf6 exf6 31. Nxc4 bxc4 32. Qe6+ Kg7 33. Qxc4 (33. Rd6 $142 Kh8 34. Rxc6 Qa1+ 35. Kh2 Qa8 36. Qxf6+ Kg8 {[#]} 37. Rc8 $1 {[%mdl 512]} Rxc8 38. Ng5) 33... Qb7 34. Qe6 {Accuracy: White = 90%, Black = 43%.} 1-0

[Event "SVK ECo-C Extraliga 2018-19"]
[Site "Slovakia"]
[Date "2019.02.16"]
[Round "5.6"]
[White "Bures, Jaroslav"]
[Black "Tropp, Oliver"]
[Result "1-0"]
[WhiteElo "2395"]
[BlackElo "2169"]
[Annotator "NA"]
[PlyCount "129"]
[EventDate "2018.11.10"]
[EventType "team-tourn"]
[EventCountry "SVK"]
[SourceTitle "playchess.com"]
[Source "ChessBase"]
[SourceQuality "1"]
[WhiteTeam "Slovan"]
[BlackTeam "Liptovska"]
[TimeControl "40/5400+30:1800+30"]

1. d4 {[%emt 0:00:00]} d5 {[%emt 0:00:00]} 2. c4 {[%emt 0:00:00]} c6 {[%emt 0:00:00]} 3. Nf3 {[%emt 0:00:00]} Nf6 {[%emt 0:00:13]} 4. Nc3 {[%emt 0:00:00]} e6 {[%emt 0:05:22]} 5. e3 {[%emt 0:00:21]} Be7 {[%emt 0:04:02]} 6. b3 {[%emt 0:02:55]} O-O {[%emt 0:00:47]} 7. Bb2 {[%emt 0:00:10]} Qa5 {[%emt 0:07:51]} 8. a3 {[%emt 0:02:35]} Nbd7 {[%emt 0:00:40]} 9. Be2 {[%emt 0:04:41]} dxc4 {[%emt 0:02:36]} 10. bxc4 {[%emt 0:00:14]} e5 {[%emt 0:02:49]} 11. O-O {[%emt 0:00:10]} exd4 {[%emt 0:00:36]} 12. exd4 {[%emt 0:00:07]} Nb6 {[%emt 0:01:08]} 13. h3 {[%emt 0:02:17]} Be6 {[%emt 0:07:28]} 14. Qb3 {[%emt 0:00:55]} Rad8 {[%emt 0:03:07]} 15. Rfd1 {[%emt 0:01:52]} Rfe8 {[%emt 0:06:44]} 16. Bc1 {[%emt 0:08:05]} h6 {[%emt 0:08:16]} 17. Bd2 {[%emt 0:03:34]} Qf5 {[%emt 0:12:09]} 18. a4 {[%emt 0:00:06]} c5 {[%emt 0:00:53]} 19. Nb5 {[%emt 0:11:39]} cxd4 {[%emt 0:13:15]} 20. Nbxd4 {[%emt 0:02:18]} Qc5 {[%emt 0:02:09]} 21. Nxe6 {[%emt 0:00:10]} fxe6 {[%emt 0:00:13]} 22. a5 {[%emt 0:02:19]} Nc8 {[%emt 0:05:56]} 23. Qxb7 {[%emt 0:02:49]} Nd6 {[%emt 0:00:04]} 24. Qa6 {[%emt 0:03:00]} Qc8 {[%emt 0:04:49]} 25. Qxc8 {[%emt 0:01:16]} Rxc8 {[%emt 0:00:13]} 26. Be3 {[%emt 0:07:05]} Nxc4 {[%emt 0:02:04]} 27. Bxa7 {[%emt 0:02:40]} Nd5 {[%emt 0:01:19]} 28. a6 {[%emt 0:09:27]} Nc3 {[%emt 0:05:02]} 29. Re1 {[%emt 0:02:35]} Bf6 {[%emt 0:00:49]} 30. Bd4 {[%emt 0:02:17]} Nxe2+ {[%emt 0:00:47]} 31. Rxe2 {[%emt 0:00:12]} e5 {[%emt 0:00:07]} 32. a7 {[%emt 0:02:04]} Ra8 {[%emt 0:01:07]} 33. Ra4 {[%emt 0:01:22]} exd4 {[%emt 0:02:44]} 34. Rxe8+ {[%emt 0:00:49]} Rxe8 {[%emt 0:00:01]} 35. a8=Q {[%emt 0:00:09]} Rxa8 {[%emt 0:00:01]} 36. Rxa8+ {[%emt 0:00:05]} Kf7 {[%emt 0:00:07]} 37. Ne1 {[%emt 0:07:57]} Nb2 {[%emt 0:01:34]} 38. Ra3 {[%emt 0:00:23]} Ke6 {[%emt 0:00:21]} 39. Kf1 {[%emt 0:01:48]} Kd5 {[%emt 0:00:21]} 40. Ke2 {[%emt 0:00:36]} Nc4 {[%emt 0:01:34]} 41. Ra7 {[%emt 0:32:13]} Nd6 {[%emt 0:10:17]} 42. Ra5+ {[%emt 0:00:00]} Kc4 {[%emt 0:00:29]} 43. Nd3 {[%emt 0:00:00]} Ne4 {[%emt 0:01:09]} 44. Ra7 {[%emt 0:00:00]} Nc3+ {[%emt 0:04:21]} 45. Kd2 {[%emt 0:00:00]} Nd5 {[%emt 0:00:47]} 46. Kc2 {[%emt 0:00:00]} h5 {[%emt 0:01:25]} 47. Ra4+ {[%emt 0:00:00]} Kb5 {[%emt 0:00:08]} 48. Kb3 {[%emt 0:00:00]} h4 {[%emt 0:00:44]} 49. Ra8 {[%emt 0:00:00]} Nb6 {[%emt 0:00:48]} 50. Rf8 {[%emt 0:00:00]} Nd7 {[%emt 0:02:40]} 51. Rc8 {[%emt 0:00:00]} Nb6 {[%emt 0:01:11]} 52. Rc5+ {[%emt 0:00:00]} Ka6 {[%emt 0:00:06]} 53. Nb4+ {[%emt 0:00:00]} Kb7 {[%emt 0:00:27]} 54. Rb5 {[%emt 0:00:00]} Kc7 {[%emt 0:00:37]} 55. Kc2 {[%emt 0:00:00]} Nd7 {[%emt 0:00:35]} 56. Kd3 {[%emt 0:00:00]} Kd6 {[%emt 0:00:21]} 57. Rd5+ {[%emt 0:00:00]} Ke6 {[%emt 0:00:46]} 58. f4 {[%emt 0:00:00]} g6 {[%emt 0:00:46]} 59. Rb5 {[%emt 0:00:00]} Kd6 {[%emt 0:01:54]} 60. Kc4 {[%emt 0:00:37]} Bh8 {[%emt 0:03:14]} 61. Rg5 {[%emt 0:01:39]} Nf8 {[%emt 0:00:13]} 62. Nc2 {[%emt 0:00:46]} Ne6 {[%emt 0:05:41]} 63. Rxg6 {[%emt 0:00:34]} Ke7 {[%emt 0:00:06]} 64. Rg4 {[%emt 0:01:29]} Bf6 {[%emt 0:00:20]} 65. f5 {[%emt 0:00:21]} 1-0

[Event "SVK ECo-C Extraliga 2018-19"]
[Site "Slovakia"]
[Date "2019.02.16"]
[Round "5.6"]
[White "Schwarz, Dusan"]
[Black "Chovan, Milan"]
[Result "0-1"]
[WhiteElo "2330"]
[BlackElo "2336"]
[Annotator "NA"]
[PlyCount "56"]
[EventDate "2018.11.10"]
[EventType "team-tourn"]
[EventCountry "SVK"]
[SourceTitle "playchess.com"]
[Source "ChessBase"]
[SourceQuality "1"]
[WhiteTeam "Modra"]
[BlackTeam "Podhajska"]
[TimeControl "40/5400+30:1800+30"]

1. d4 {[%emt 0:00:00]} Nf6 {[%emt 0:00:00]} 2. Bg5 {[%emt 0:00:05]} c5 {[%emt 0:00:00]} 3. d5 {[%emt 0:00:30]} Ne4 {[%emt 0:00:00]} 4. Bf4 {[%emt 0:00:12]} Qb6 {[%emt 0:00:34]} 5. Nd2 {[%emt 0:00:32]} Qxb2 {[%emt 0:00:55]} 6. Nxe4 {[%emt 0:00:12]} Qb4+ {[%emt 0:00:09]} 7. Qd2 {[%emt 0:00:24]} Qxe4 {[%emt 0:00:09]} 8. e3 {[%emt 0:00:18]} g5 {[%emt 0:04:46]} 9. Bg3 {[%emt 0:05:50]} Bg7 {[%emt 0:08:38]} 10. Rc1 {[%emt 0:09:11]} d6 {[%emt 0:07:54]} 11. Nf3 {[%emt 0:05:29]} Qg6 {[%emt 0:05:19]} 12. Bb5+ {[%emt 0:19:46]} Bd7 {[%emt 0:03:31]} 13. Rb1 {[%emt 0:00:27]} Bxb5 {[%emt 0:13:01]} 14. Rxb5 {[%emt 0:00:08]} b6 {[%emt 0:00:09]} 15. O-O {[%emt 0:03:03]} Nd7 {[%emt 0:01:32]} 16. c4 {[%emt 0:15:08]} Nf6 {[%emt 0:05:02]} 17. Rb3 {[%emt 0:02:29]} Ne4 {[%emt 0:01:45]} 18. Qe2 {[%emt 0:01:28]} O-O {[%emt 0:05:32]} 19. Ne1 {[%emt 0:03:54]} e6 {[%emt 0:07:17]} 20. dxe6 {[%emt 0:04:15]} fxe6 {[%emt 0:00:09]} 21. f3 {[%emt 0:02:28]} Nxg3 {[%emt 0:00:21]} 22. hxg3 {[%emt 0:00:05]} d5 {[%emt 0:01:13]} 23. Nc2 {[%emt 0:02:20]} Rad8 {[%emt 0:00:40]} 24. cxd5 {[%emt 0:01:47]} exd5 {[%emt 0:00:12]} 25. Rd3 {[%emt 0:01:35]} Rd6 {[%emt 0:04:01]} 26. e4 {[%emt 0:01:40]} d4 {[%emt 0:01:14]} 27. e5 {[%emt 0:01:47]} Bxe5 {[%emt 0:02:44]} 28. Qxe5 {[%emt 0:00:55]} Re8 {[%emt 0:00:11]} 0-1

[Event "SVK ECo-C Extraliga 2018-19"]
[Site "Slovakia"]
[Date "2019.02.16"]
[Round "5.7"]
[White "Zvarik, Martin"]
[Black "Czebe, Attila"]
[Result "0-1"]
[WhiteElo "2311"]
[BlackElo "2392"]
[Annotator "NA"]
[PlyCount "106"]
[EventDate "2018.11.10"]
[EventType "team-tourn"]
[EventCountry "SVK"]
[SourceTitle "playchess.com"]
[Source "ChessBase"]
[SourceQuality "1"]
[WhiteTeam "Zilina"]
[BlackTeam "Streda"]
[TimeControl "40/5400+30:1800+30"]

1. d4 {[%emt 0:02:13]} Nf6 {[%emt 0:00:00]} 2. Nf3 {[%emt 0:00:25]} g6 {[%emt 0:01:13]} 3. g3 {[%emt 0:00:52]} Bg7 {[%emt 0:01:56]} 4. Bg2 {[%emt 0:00:11]} b6 {[%emt 0:00:41]} 5. Ne5 {[%emt 0:03:44]} c6 {[%emt 0:00:14]} 6. c4 {[%emt 0:07:49]} Bb7 {[%emt 0:01:05]} 7. Nc3 {[%emt 0:01:53]} O-O {[%emt 0:00:53]} 8. O-O {[%emt 0:05:23]} Ne8 {[%emt 0:03:47]} 9. e3 {[%emt 0:05:24]} Nd6 {[%emt 0:03:42]} 10. b3 {[%emt 0:09:22]} Na6 {[%emt 0:01:34]} 11. Bb2 {[%emt 0:10:31]} c5 {[%emt 0:03:53]} 12. Bxb7 {[%emt 0:06:09]} Nxb7 {[%emt 0:00:05]} 13. Qg4 {[%emt 0:02:59]} Na5 {[%emt 0:03:32]} 14. Rad1 {[%emt 0:01:45]} d6 {[%emt 0:01:08]} 15. Nf3 {[%emt 0:01:54]} Qc8 {[%emt 0:08:07]} 16. Qe4 {[%emt 0:02:09]} Qb7 {[%emt 0:00:37]} 17. Qxb7 {[%emt 0:02:55]} Nxb7 {[%emt 0:00:12]} 18. Rd2 {[%emt 0:00:19]} Nc7 {[%emt 0:01:11]} 19. Kg2 {[%emt 0:04:51]} Rfb8 {[%emt 0:05:00]} 20. Rfd1 {[%emt 0:03:37]} Nd8 {[%emt 0:01:07]} 21. h4 {[%emt 0:07:10]} Nc6 {[%emt 0:06:15]} 22. h5 {[%emt 0:01:15]} cxd4 {[%emt 0:03:44]} 23. exd4 {[%emt 0:02:34]} b5 {[%emt 0:02:25]} 24. hxg6 {[%emt 0:02:08]} hxg6 {[%emt 0:00:16]} 25. c5 {[%emt 0:00:35]} d5 {[%emt 0:03:20]} 26. Rh1 {[%emt 0:00:58]} b4 {[%emt 0:00:43]} 27. Nd1 {[%emt 0:00:49]} f6 {[%emt 0:00:46]} 28. Ne3 {[%emt 0:00:57]} Kf7 {[%emt 0:00:05]} 29. Re2 {[%emt 0:03:56]} Rh8 {[%emt 0:00:41]} 30. Ra1 {[%emt 0:00:38]} e6 {[%emt 0:00:11]} 31. a3 {[%emt 0:00:53]} bxa3 {[%emt 0:00:09]} 32. Rxa3 {[%emt 0:00:33]} Rab8 {[%emt 0:00:40]} 33. Nc2 {[%emt 0:01:29]} Rb7 {[%emt 0:00:03]} 34. Bc1 {[%emt 0:01:15]} a5 {[%emt 0:12:01]} 35. Bd2 {[%emt 0:01:11]} Rb5 {[%emt 0:01:42]} 36. Bf4 {[%emt 0:00:43]} Rb7 {[%emt 0:04:12]} 37. Bd2 {[%emt 0:00:15]} g5 {[%emt 0:12:01]} 38. Bxa5 {[%emt 0:00:45]} g4 {[%emt 0:00:17]} 39. Nd2 {[%emt 0:01:43]} Nb5 {[%emt 0:00:07]} 40. Ra4 {[%emt 0:00:17]} f5 {[%emt 0:02:43]} 41. Re3 {[%emt 0:33:38]} Rc8 {[%emt 0:42:37]} 42. Bc3 {[%emt 0:00:00]} Bh6 {[%emt 0:00:00]} 43. Bb2 {[%emt 0:00:00]} Bxe3 {[%emt 0:00:00]} 44. fxe3 {[%emt 0:00:00]} Ra7 {[%emt 0:00:00]} 45. Rxa7+ {[%emt 0:00:00]} Nbxa7 {[%emt 0:00:00]} 46. Ne1 {[%emt 0:00:00]} Nb4 {[%emt 0:00:00]} 47. Kf2 {[%emt 0:00:00]} Nb5 {[%emt 0:00:00]} 48. Ke2 {[%emt 0:00:00]} Rh8 {[%emt 0:00:00]} 49. Nf1 {[%emt 0:00:00]} Ra8 {[%emt 0:00:00]} 50. Kd2 {[%emt 0:00:00]} Rh8 {[%emt 0:00:00]} 51. Ke2 {[%emt 0:00:00]} Ke7 {[%emt 0:00:00]} 52. Nd3 {[%emt 0:00:00]} Nxd3 {[%emt 0:00:00]} 53. Kxd3 {[%emt 0:00:00]} Kd7 {[%emt 0:00:00]} 0-1

[Event "SVK ECo-C Extraliga 2018-19"]
[Site "Slovakia"]
[Date "2019.02.16"]
[Round "5.7"]
[White "Gazik, Igor"]
[Black "Banas, Kamil"]
[Result "1/2-1/2"]
[WhiteElo "2249"]
[BlackElo "2245"]
[Annotator "NA"]
[PlyCount "44"]
[EventDate "2018.11.10"]
[EventType "team-tourn"]
[EventCountry "SVK"]
[SourceTitle "playchess.com"]
[Source "ChessBase"]
[SourceQuality "1"]
[WhiteTeam "Podhajska"]
[BlackTeam "Modra"]
[TimeControl "40/5400+30:1800+30"]

1. e4 {[%emt 0:00:00]} e5 {[%emt 0:00:00]} 2. Nf3 {[%emt 0:00:13]} Nf6 {[%emt 0:00:00]} 3. Nxe5 {[%emt 0:00:14]} d6 {[%emt 0:00:01]} 4. Nf3 {[%emt 0:00:07]} Nxe4 {[%emt 0:00:04]} 5. d4 {[%emt 0:00:12]} d5 {[%emt 0:00:06]} 6. Bd3 {[%emt 0:00:18]} Nc6 {[%emt 0:00:18]} 7. O-O {[%emt 0:01:11]} Be7 {[%emt 0:00:03]} 8. c4 {[%emt 0:03:24]} Nb4 {[%emt 0:00:44]} 9. Be2 {[%emt 0:03:20]} Bf5 {[%emt 0:00:13]} 10. a3 {[%emt 0:14:49]} Nc6 {[%emt 0:00:21]} 11. Nc3 {[%emt 0:00:09]} Nxc3 {[%emt 0:00:20]} 12. bxc3 {[%emt 0:00:08]} O-O {[%emt 0:00:09]} 13. Re1 {[%emt 0:03:19]} Re8 {[%emt 0:00:20]} 14. Bf4 {[%emt 0:18:13]} Rc8 {[%emt 0:01:15]} 15. Qa4 {[%emt 0:11:51]} a6 {[%emt 0:08:30]} 16. cxd5 {[%emt 0:07:23]} Qxd5 {[%emt 0:01:32]} 17. Bf1 {[%emt 0:00:10]} Qd7 {[%emt 0:14:15]} 18. Bg3 {[%emt 0:11:36]} Bd6 {[%emt 0:06:19]} 19. Nh4 {[%emt 0:03:18]} Bxg3 {[%emt 0:01:19]} 20. hxg3 {[%emt 0:00:07]} Rxe1 {[%emt 0:05:36]} 21. Rxe1 {[%emt 0:00:02]} Be6 {[%emt 0:00:21]} 22. Bd3 {[%emt 0:02:31]} Ne5 {[%emt 0:07:49]} 1/2-1/2

[Event "SVK ECo-C Extraliga 2018-19"]
[Site "Slovakia"]
[Date "2019.02.16"]
[Round "5.7"]
[White "Hros, Roman"]
[Black "Briestensky, Rastislav"]
[Result "0-1"]
[WhiteElo "2204"]
[BlackElo "2317"]
[Annotator "NA"]
[PlyCount "136"]
[EventDate "2018.11.10"]
[EventType "team-tourn"]
[EventCountry "SVK"]
[SourceTitle "playchess.com"]
[Source "ChessBase"]
[SourceQuality "1"]
[WhiteTeam "Liptovska"]
[BlackTeam "Slovan"]
[TimeControl "40/5400+30:1800+30"]

1. c4 {[%emt 0:01:41]} Nf6 {[%emt 0:00:09]} 2. Nc3 {[%emt 0:00:06]} e5 {[%emt 0:00:36]} 3. e3 {[%emt 0:02:06]} Bb4 {[%emt 0:03:14]} 4. Nge2 {[%emt 0:01:08]} O-O {[%emt 0:03:40]} 5. a3 {[%emt 0:00:17]} Be7 {[%emt 0:00:46]} 6. Ng3 {[%emt 0:22:49]} d5 {[%emt 0:10:34]} 7. cxd5 {[%emt 0:02:39]} Nxd5 {[%emt 0:00:10]} 8. Bc4 {[%emt 0:01:34]} Nb6 {[%emt 0:00:57]} 9. Be2 {[%emt 0:03:34]} c5 {[%emt 0:07:57]} 10. O-O {[%emt 0:03:20]} Nc6 {[%emt 0:00:31]} 11. d3 {[%emt 0:23:57]} Be6 {[%emt 0:04:38]} 12. b3 {[%emt 0:02:57]} f5 {[%emt 0:02:08]} 13. Bd2 {[%emt 0:03:55]} Qd7 {[%emt 0:03:44]} 14. Qc2 {[%emt 0:04:30]} Rac8 {[%emt 0:02:50]} 15. Qb2 {[%emt 0:00:24]} Na5 {[%emt 0:09:38]} 16. Bd1 {[%emt 0:02:57]} Qxd3 {[%emt 0:04:58]} 17. Bc2 {[%emt 0:00:07]} Qd7 {[%emt 0:01:30]} 18. Rad1 {[%emt 0:00:04]} Nc6 {[%emt 0:03:00]} 19. e4 {[%emt 0:00:47]} fxe4 {[%emt 0:03:15]} 20. Ncxe4 {[%emt 0:05:02]} Nd4 {[%emt 0:02:39]} 21. f4 {[%emt 0:01:21]} Nxc2 {[%emt 0:04:10]} 22. Qxc2 {[%emt 0:00:15]} Qb5 {[%emt 0:04:00]} 23. fxe5 {[%emt 0:03:03]} Qxb3 {[%emt 0:07:52]} 24. Qxb3 {[%emt 0:01:38]} Bxb3 {[%emt 0:00:15]} 25. Rxf8+ {[%emt 0:00:39]} Bxf8 {[%emt 0:03:21]} 26. Re1 {[%emt 0:00:27]} Re8 {[%emt 0:02:42]} 27. Bc3 {[%emt 0:06:34]} Nd5 {[%emt 0:03:25]} 28. Bb2 {[%emt 0:00:01]} Nf4 {[%emt 0:01:44]} 29. Re3 {[%emt 0:01:41]} Bd5 {[%emt 0:01:50]} 30. Rf3 {[%emt 0:02:20]} Ne6 {[%emt 0:02:21]} 31. Rd3 {[%emt 0:00:26]} Bc6 {[%emt 0:01:20]} 32. Nd6 {[%emt 0:00:58]} Rd8 {[%emt 0:00:14]} 33. Rd2 {[%emt 0:01:01]} g6 {[%emt 0:01:27]} 34. h4 {[%emt 0:01:32]} Bh6 {[%emt 0:00:29]} 35. Rc2 {[%emt 0:00:51]} Be3+ {[%emt 0:00:41]} 36. Kh2 {[%emt 0:00:22]} Bf4 {[%emt 0:00:42]} 37. Re2 {[%emt 0:00:53]} Nd4 {[%emt 0:01:40]} 38. Re1 {[%emt 0:00:26]} Bd5 {[%emt 0:00:56]} 39. h5 {[%emt 0:00:31]} gxh5 {[%emt 0:00:15]} 40. Kh3 {[%emt 0:00:25]} Bxg3 {[%emt 0:01:35]} 41. Kxg3 {[%emt 0:30:13]} Rd7 {[%emt 0:30:31]} 42. Bxd4 {[%emt 0:00:00]} cxd4 {[%emt 0:00:00]} 43. Rd1 {[%emt 0:00:00]} Rg7+ {[%emt 0:00:00]} 44. Kh3 {[%emt 0:00:00]} Rg5 {[%emt 0:00:00]} 45. Rxd4 {[%emt 0:00:00]} Rxe5 {[%emt 0:00:00]} 46. Kh2 {[%emt 0:00:00]} Bc6 {[%emt 0:00:00]} 47. Nc4 {[%emt 0:01:00]} Rg5 {[%emt 0:00:00]} 48. Rd2 {[%emt 0:00:14]} Kf7 {[%emt 0:00:00]} 49. Re2 {[%emt 0:00:47]} Kf6 {[%emt 0:00:00]} 50. g3 {[%emt 0:02:00]} Rc5 {[%emt 0:00:00]} 51. Rf2+ {[%emt 0:00:44]} Kg6 {[%emt 0:00:00]} 52. Rf4 {[%emt 0:01:10]} b5 {[%emt 0:00:00]} 53. Ne3 {[%emt 0:00:30]} Rc1 {[%emt 0:00:00]} 54. g4 {[%emt 0:00:30]} h4 {[%emt 0:00:00]} 55. Nf1 {[%emt 0:00:24]} Rc3 {[%emt 0:00:00]} 56. Rd4 {[%emt 0:00:28]} Kg5 {[%emt 0:00:00]} 57. Rd6 {[%emt 0:00:36]} Kxg4 {[%emt 0:00:00]} 58. Rd4+ {[%emt 0:00:33]} Kg5 {[%emt 0:00:00]} 59. Rd6 {[%emt 0:00:14]} a5 {[%emt 0:00:00]} 60. Rd4 {[%emt 0:00:42]} Rxa3 {[%emt 0:00:00]} 61. Nd2 {[%emt 0:00:34]} Rc3 {[%emt 0:00:00]} 62. Rd6 {[%emt 0:00:32]} a4 {[%emt 0:00:00]} 63. Rd8 {[%emt 0:00:27]} a3 {[%emt 0:00:00]} 64. Rc8 {[%emt 0:00:23]} a2 {[%emt 0:00:00]} 65. Rd8 {[%emt 0:00:40]} Rc1 {[%emt 0:01:06]} 66. Rg8+ {[%emt 0:00:29]} Kh5 {[%emt 0:00:48]} 67. Nf3 {[%emt 0:00:31]} Rc2+ {[%emt 0:01:40]} 68. Kh3 {[%emt 0:00:30]} Bd7+ {[%emt 0:00:09]} 0-1

[Event "SVK ECo-C Extraliga 2018-19"]
[Site "Slovakia"]
[Date "2019.02.16"]
[Round "5.8"]
[White "Csonka, Attila Istvan"]
[Black "Kostelny, Jozef"]
[Result "1-0"]
[WhiteElo "2369"]
[BlackElo "2212"]
[Annotator "NA"]
[PlyCount "89"]
[EventDate "2018.11.10"]
[EventType "team-tourn"]
[EventCountry "SVK"]
[SourceTitle "playchess.com"]
[Source "ChessBase"]
[SourceQuality "1"]
[WhiteTeam "Streda"]
[BlackTeam "Zilina"]
[TimeControl "40/5400+30:1800+30"]

1. e4 {[%emt 0:00:00]} c5 {[%emt 0:02:00]} 2. Nf3 {[%emt 0:00:00]} Nc6 {[%emt 0:00:08]} 3. d4 {[%emt 0:00:00]} cxd4 {[%emt 0:00:06]} 4. Nxd4 {[%emt 0:00:00]} Nf6 {[%emt 0:00:14]} 5. Nc3 {[%emt 0:00:01]} d6 {[%emt 0:00:27]} 6. Bc4 {[%emt 0:00:16]} Qb6 {[%emt 0:01:18]} 7. Nxc6 {[%emt 0:02:02]} bxc6 {[%emt 0:00:07]} 8. Qe2 {[%emt 0:00:06]} e6 {[%emt 0:03:50]} 9. O-O {[%emt 0:00:21]} Nd7 {[%emt 0:01:39]} 10. Rd1 {[%emt 0:08:14]} Be7 {[%emt 0:02:36]} 11. Be3 {[%emt 0:05:25]} Qc7 {[%emt 0:03:00]} 12. Bf4 {[%emt 0:01:24]} O-O {[%emt 0:03:16]} 13. Rd2 {[%emt 0:03:25]} Rb8 {[%emt 0:03:10]} 14. Bb3 {[%emt 0:05:43]} Nc5 {[%emt 0:15:25]} 15. Qh5 {[%emt 0:03:31]} Nxb3 {[%emt 0:10:59]} 16. axb3 {[%emt 0:00:25]} e5 {[%emt 0:01:36]} 17. Be3 {[%emt 0:03:02]} Rb7 {[%emt 0:03:22]} 18. Rf1 {[%emt 0:04:37]} f5 {[%emt 0:10:16]} 19. f4 {[%emt 0:01:03]} g6 {[%emt 0:05:04]} 20. Qe2 {[%emt 0:03:13]} fxe4 {[%emt 0:11:16]} 21. Nxe4 {[%emt 0:04:46]} Rb4 {[%emt 0:02:06]} 22. Nf2 {[%emt 0:11:47]} exf4 {[%emt 0:02:17]} 23. Bd4 {[%emt 0:00:07]} f3 {[%emt 0:03:48]} 24. gxf3 {[%emt 0:00:19]} c5 {[%emt 0:05:35]} 25. c3 {[%emt 0:01:07]} Rb6 {[%emt 0:03:50]} 26. Re1 {[%emt 0:03:50]} Bh4 {[%emt 0:02:59]} 27. Qe4 {[%emt 0:02:39]} Bxf2+ {[%emt 0:01:30]} 28. Bxf2 {[%emt 0:00:05]} Qf7 {[%emt 0:00:21]} 29. b4 {[%emt 0:00:41]} Bb7 {[%emt 0:00:29]} 30. Qe6 {[%emt 0:00:08]} Rb5 {[%emt 0:01:19]} 31. Qxf7+ {[%emt 0:01:15]} Rxf7 {[%emt 0:00:35]} 32. Rxd6 {[%emt 0:00:06]} cxb4 {[%emt 0:00:36]} 33. Bd4 {[%emt 0:00:58]} bxc3 {[%emt 0:00:29]} 34. Re8+ {[%emt 0:00:16]} Rf8 {[%emt 0:00:03]} 35. Re7 {[%emt 0:00:05]} Rc8 {[%emt 0:01:00]} 36. bxc3 {[%emt 0:01:58]} Rd5 {[%emt 0:00:38]} 37. Rf6 {[%emt 0:00:21]} Rb5 {[%emt 0:00:28]} 38. Rff7 {[%emt 0:00:15]} Rg5+ {[%emt 0:00:20]} 39. Kf2 {[%emt 0:00:06]} Bd5 {[%emt 0:00:07]} 40. Rxh7 {[%emt 0:00:10]} Rh5 {[%emt 0:00:43]} 41. Rhg7+ {[%emt 0:33:19]} Kf8 {[%emt 0:30:33]} 42. Rxa7 {[%emt 0:00:18]} Rxh2+ {[%emt 0:00:00]} 43. Kg3 {[%emt 0:00:00]} Rh6 {[%emt 0:00:00]} 44. Rgd7 {[%emt 0:00:00]} Rh5 {[%emt 0:00:00]} 45. Bc5+ {[%emt 0:00:00]} 1-0